Członkowie xayoo industries na twitch - Statystyki

Ogólne statystyki
  • Ten quiz został rozwiązany 357 razy
  • Średni wynik to 9 z 11
Statystyki odpowiedzi
Liczba obserwujących Osoba % Poprawnych
890 tysięcy Xayoo
100%
382 tysiące Popo
96%
475 tysięcy Japczan
93%
192 tysiące Luki
90%
226 tysięcy Vysotzky
88%
121 tysięcy Mokrysuchar
79%
63 tysiące Młodziutki
78%
160 tysięcy Holak
76%
128 tysięcy Dejvid
72%
85 tysięcy Aki
71%
45 tysięcy Mati
56%
Nie znaleziono quizów pasujących do podanych kryteriów
Rozkład punktacji
Procent ludzi z każdym wynikiem
Percentyl według liczby udzielonych odpowiedzi
Twoja historia wyników
Nie rozwiązałeś tego quizu